Les buteurs de L'OM en phase finale de coupes européennes - Statistiques

Statistiques générales
  • Ce quiz a été pris 76 fois
  • Le résultat moyen est 26 sur 46
Statistiques - réponses
Date Score Affiche Buteurs % Correct
1/8 de finale (aller) Ligue Europa (C3) 08 Mars 2018 3-1 OM - Athletic Bilbao Payet
98%
1/8 de finale (retour) Ligue Europa (C3) 15 Mars 2018 1-2 Athletic Bilbao - OM Payet
98%
1/4 de finale (retour) Ligue Europa (C3) 12 Avril 2018 5-2 OM - RB Leipzig Payet
98%
1/16 de finale (aller) Ligue Europa Conférence (C4) 17 Février 2022 3-1 OM - FK Qarabag Payet
98%
1/4 de finale (aller) Ligue Europa Conférence (C4) 7 Avril 2022 2-1 OM - Paok Salonique Payet
98%
1/4 de finale (retour) Ligue Europa Conférence (C4) 14 Avril 2022 0-1 Paok Salonique - OM Payet
98%
1/16 de finale (aller) Ligue Europa (C3) 15 Février 2018 3-0 OM - Braga Thauvin
93%
1/4 de finale (retour) Ligue Europa (C3) 12 Avril 2018 5-2 OM - RB Leipzig Thauvin
93%
1/2 de finale (aller) Ligue Europa (C3) 26 Avril 2018 2-0 OM - RB Salzbourg Thauvin
93%
1/16 de finale (aller) Ligue Europa (C3) 15 Février 2024 2-2 Shakhtar Donetsk - OM Aubameyang
87%
1/16 de finale (retour) Ligue Europa (C3) 22 Février 2024 3-1 OM - Shakhtar Donetsk Aubameyang
87%
1/4 de finale (retour) Ligue Europa (C3) 12 Avril 2018 5-2 OM - RB Leipzig Sakai
85%
1/2 de finale (retour) Ligue Europa (C3) 03 Mars 2018 2-1 RB Salzbourg - OM Rolando
77%
1/4 de finale (retour) Ligue Europa (C3) 12 Avril 2018 5-2 OM - RB Leipzig Sarr
74%
1/16 de finale (retour Ligue Europa (C3) 22 Février 2024 3-1 OM - Shakhtar Donetsk Sarr
74%
1/16 de finale (aller) Ligue Europa (C3) 15 Février 2018 3-0 OM - Braga Germain
72%
1/16 de finale (aller) Ligue Europa (C3) 15 Février 2018 3-0 OM - Braga Germain
72%
1/16 de finale (aller) Ligue Europa (C3) 18 Février 2010 1-3 FC Copenhague - OM Niang
66%
1/8 de finale (retour) Ligue Europa (C3) 18 Mars 2010 1-2 OM - SL Benfica Niang
66%
1/8 de finale (retour) Ligue Europa Conférence (C4) 17 Mars 2022 1-2 Bâle - OM Rongier
61%
1/16 de finale (aller) Ligue Europa Conférence (C4) 17 Février 2022 3-1 OM - FK Qarabag Milik
56%
1/16 de finale (aller) Ligue Europa Conférence (C4) 17 Février 2022 3-1 OM - FK Qarabag Milik
56%
1/8 de finale (aller) Ligue Europa Conférence (C4) 10 Mars 2022 2-1 OM - Bâle Milik
56%
1/8 de finale (aller) Ligue Europa Conférence (C4) 10 Mars 2022 2-1 OM - Bâle Milik
56%
1/16 de finale (aller) Ligue Europa (C3) 15 Février 2024 2-2 Shakhtar Donetsk - OM N'Diaye
56%
1/8 de finale (aller) Ligue Europa (C3) 08 Mars 2018 3-1 OM -Athletic Bilbao Ocampos
54%
1/8 de finale (aller) Ligue Europa (C3) 08 Mars 2018 3-1 OM - Athletic Bilbao Ocampos
54%
1/8 de finale (retour) Ligue Europa (C3) 15 Mars 2018 1-2 Athletic Bilbao - OM Ocampos
54%
1/16 de finale (retour) Ligue Europa Conférence (C4) 24 Février 2022 0-3 FK Qarabag - OM Guendouzi
52%
1/4 de finale (aller) Ligue Europa Conférence (C4) 7 Avril 2022 2-1 OM - Paok Salonique Gerson
46%
1/2 de finale (aller) Ligue Europa Conférence (C4) 28 Avril 2022 3-2 Feyernoord Rotterdam - OM Gerson
46%
1/16 de finale (retour) Ligue Europa (C3) 22 Février 2024 3-1 OM - Shakhtar Donetsk Kondogbia
46%
1/2 de finale (aller) Ligue Europa (C3) 26 Avril 2018 2-0 OM - RB Salzbourg N'jie
46%
1/8 de finale (retour) Ligue Europa Conférence (C4) 17 Mars 2022 1-2 Bâle - OM Ünder
44%
1/2 de finale (aller) Ligue Europa Conférence (C4) 28 Avril 2022 3-2 Feyernoord Rotterdam - OM Dieng
31%
1/16 de finale (retour) Ligue Europa (C3) 25 Février 2016 1-1 Athletic Bilbao - OM Batshuayi
30%
1/8 de finale (retour) Ligue des Champions (C1) 15 Mars 2011 2-1 Manchester United -OM Brown (csc)
25%
1/4 de finale (retour) Ligue Europa (C3) 12 Avril 2018 5-2 OM - RB Leipzig Ilsanker (csc)
25%
1/16 de finale (retour) Ligue Europa Conférence (C4) 24 Février 2022 0-3 FK Qarabag - OM De la Fuente
23%
1/16 de finale (retour) Ligue Europa Conférence (C4) 24 Février 2022 0-3 FK Qarabag - OM Gueye
23%
1/16 de finale (retour) Ligue Europa (C3) 25 Février 2010 3-1 OM- FC Copenhague Koné
15%
1/16 de finale (retour) Ligue Europa (C3) 25 février 2010 3-1 OM- FC Copenhague Koné
15%
1/16 de finale (aller) Ligue Europa (C3) 18 Février 2010 1-3 FC Copenhague - OM Kaboré
7%
1/16 de finale (aller) Ligue Europa (C3) 18 Février 2010 1-3 FC Copenhague - OM Ben Harfa
3%
1/16 de finale (retour) Ligue Europa (C3) 25 Février 2010 3-1 OM- FC Copenhague Ben Harfa
3%
1/8 de finale (aller) Ligue Europa (C3) 11 Mars 2010 1-1 SL Benfica - OM Ben Harfa
3%
Aucun quiz correspondant
Distribution des résultats
% des personnes avec chaque résultat
Percentile par nombre de réponses
Votre historique - résultats
Vous n’avez pas pris ce quiz